00815nam a22002057a 4500003000900000008004100009040007100050082002100121100002200142245003000164260003500194300003800229440002400267505020200291650001500493650002900508650001300537650001500550700004400565AR-CdUCM190511b ||||| |||| 00| 0 spa d aMUNICIPALIDAD PROVINCIAL DEL CUSCOcBIBLIOTECA MUNICIPAL DEL CUSCO 23ed.a330 /bF78 aFourastié, Jean a¿Por qué trabajamos? / aBuenos Aires :bEUDEBA,c1962. a135 páginas ;bcuadros,c19 cm. aLectores de Eudeba. aContenido: ¿Por qué trabajamos? -- Cómo trabajamos -- El racionamiento y los ingresos -- Los ingresos y los precios -- El empleo y los salarios -- El salario indirecto: la seguridad social ... aEconomía aCondiciones económicas aSiglo XX aEl trabajo aReilly de Fayard, Mireya (traducción)